| 000 | 00634nam a22002177a 4500 | ||
|---|---|---|---|
| 005 | 20231218083116.0 | ||
| 008 | 231218b |||||||| |||| 00| 0 eng d | ||
| 020 | _a0471093335 | ||
| 040 |
_aDLC _cKMU _dKMU _erda |
||
| 050 | 0 | 0 | _aQA 303 |
| 100 | 1 | _aBoyce, William E. | |
| 245 | 1 | 0 |
_aCalculus / _cWilliam E. Boyce, Richard C. DiPrima. |
| 260 |
_aNew York : _bWiley, _cc1988. |
||
| 300 |
_axvii, 1055, 56, 13 p. : _bill. ; _c24 cm. |
||
| 500 | _aIncludes index. | ||
| 504 | _aBibliography: p. 1055. | ||
| 650 | 0 | _aCalculus. | |
| 700 | 1 | _aDiPrima, Richard C. | |
| 906 |
_a7 _bcbc _corignew _d1 _eocip _f19 _gy-gencatlg |
||
| 942 |
_2lcc _cBK _n0 |
||
| 999 |
_c907 _d907 |
||